LEADER 00808nam0-22003131i-450- 001 990003773180403321 005 20001010 035 $a000377318 035 $aFED01000377318 035 $a(Aleph)000377318FED01 035 $a000377318 100 $a20001010d--------km-y0itay50------ba 101 0 $aita 105 $ay-------001yy 200 1 $aEtica e società$fGiuseppe Colasanti 210 $aMilano$cFranco Angeli$dc1985 215 $a348 p.$d22 cm 225 1 $aCollana di sociologia$v79 610 0 $aSociologia-Teoria 676 $a301.01 700 1$aColasanti,$bGiuseppe$045814 801 0$aIT$bUNINA$gRICA$2UNIMARC 901 $aBK 912 $a990003773180403321 952 $a301.01 COL 1$b2611 959 $aBFS 996 $aEtica e società$9509775 997 $aUNINA DB $aING01 LEADER 01110nam0-2200349---450- 001 990009915780403321 005 20141112111518.0 010 $a978-88-498-3833-6 035 $a000991578 035 $aFED01000991578 035 $a(Aleph)000991578FED01 035 $a000991578 100 $a20141112d2013----km-y0itay50------ba 101 0 $aita 102 $aIT 105 $aa-------001yy 200 1 $a<>Cina oggi$euna potenza al bivio tra cooperazione e antagonismo$fGiuseppe Iannini, Giovanni Salvini$gprefazione di Guido Samarani 210 $aSoveria Mannelli$cRubbettino$d2013 215 $aXIV, 203 p.$cill.$d23 cm 225 1 $aForum sulla internazionalizzazione della piccola e media impresa$v4 610 0 $aCina$aSec. 21.$aSaggi 676 $a951.6$v21$zita 700 1$aIannini,$bGiuseppe$f<1947- >$0126680 701 1$aSalvini,$bGiovanni$082386 702 1$aSamarani,$bGuido 801 0$aIT$bUNINA$gREICAT$2UNIMARC 901 $aBK 912 $a990009915780403321 952 $aCollez. 2442 (4)$b51127$fFSPBC 959 $aFSPBC 996 $aCina oggi$9831311 997 $aUNINA LEADER 01073nam--2200385---450- 001 990000393670203316 005 20050411130303.0 010 $a92-826-7716-8 035 $a0039367 035 $aUSA010039367 035 $a(ALEPH)000039367USA01 035 $a0039367 100 $a20010405d1994----km-y0itay0103----ba 101 $ait 102 $aITA 105 $a||||||||001yy 200 1 $a<> Banca Europea per gli investimenti 210 $d1994 300 $aTit. della cop. 410 $12001 606 0 $aBanca Europea per gli investimenti 676 $a332.1534 699 $aCDE 01.08$bBEI 801 0$aIT$bsalbc$gISBD 912 $a990000393670203316 951 $aCDE 01.08 (XVI)$bCDE 295$cCDE 01.08$d00148827 959 $aBK 969 $aCDE 979 $aPATTY$b90$c20010405$lUSA01$h1556 979 $aPATTY$b90$c20010405$lUSA01$h1602 979 $c20020403$lUSA01$h1647 979 $aPATRY$b90$c20040406$lUSA01$h1627 979 $aCDE$b90$c20050411$lUSA01$h1303 996 $aBANCA europea per gli investimenti$9626815 997 $aUNISA